000 004350000a22001810004500
003 LK-CoMWRAF
005 20230915204420.0
008 230817t1962 ||||| |||| 00| 0 eng d
040 _aLK-CoMWRAF
_dLK-CoMWRAF
_eLK-CoMWRAF
041 _aeng
082 _a248.3
_bFOS
100 _aFosdick, H.E.
245 _aThe Meaning of prayer
260 _aGlasgow :
_bFintana Books,
_c1962
300 _a224p
650 _aIslam
942 _cBK
999 _c2936
_d2936